000 00690cam a22002293a 4500
001 2533
003 PGUSA
005 20140828083016.0
008 010301s2001||||xxu|||||s|||||000 1 eng d
040 _aPGUSA
_beng
042 _adc
050 4 _aPR
100 1 _aGaskell, Elizabeth Cleghorn,
_d1810-1865
245 1 0 _aRound the Sofa
_h[electronic resource] /
_cElizabeth Cleghorn Gaskell
260 _bProject Gutenberg,
_c2001
506 _aPublic domain in the USA.
516 _aElectronic text
653 _aGreat Britain -- Social life and customs -- 19th century -- Fiction
830 0 _aProject Gutenberg
_v2533
856 4 0 _uhttp://www.gutenberg.org/ebooks/2533
942 _cEB
999 _c231870
_d231870